000 00535nam a2200157Ia 4500
008 210716s2002 xx 000 0 und d
041 _aeng
082 _a339.5 AHLM
100 _aAhluwalia, Montek S; Reddy, Y V; Tarapore, S S.
245 _aMacroeconomics and monetary policy: issues for a reforming economy.
_bIssues for a reforming economy.
250 _a1
260 _aNew Delhi
_bOxford University Press
_c2002
300 _axviii,345
650 _aMacro Economics
700 _aAhluwalia, Montek S; Reddy, Y V; Tarapore, S S.
999 _c201368
_d201368